Statistiques concernant Islande ... ou Irlande?

Cliquez ici pour prendre le quiz!

Statistiques générales

  • Ce quiz a été pris 254 fois
  • Le résultat moyen est 9 sur 15

Statistiques - réponses

QuestionRéponse% Correct
A des volcans actifsIslande
94%
Le nom de sa capitale peut être vaguement traduit par « Baie de fumée »Islande
83%
Utilise la couronne comme monnaieIslande
77%
N'a pas de franchises McDonald'sIslande
73%
A l'une des cinq plus faibles densités de population de tous les paysIslande
71%
A été d'abord colonisé par les VikingsIslande
69%
Fait partie de l'Union européenneIrlande
64%
Sa capitale est située sur la partie orientale de l'îleIrlande
61%
Est une république parlementairetous les deux
56%
A remporté plusieurs victoires au concours Eurovision de la chansonIrlande
43%
Son nom dérive du nom d'une ancienne déesseIrlande
40%
La température n'a jamais dépassé 37 °Ctous les deux
40%
A une espérance de vie de plus de 80 anstous les deux
35%
Se classe parmi les 20 premiers pays en termes de PIB par habitanttous les deux
32%
A été occupé par les Britanniques et les Américains pendant la Seconde Guerre mondialeIslande
20%

Distribution des résultats

Percentile par nombre de réponses

% des personnes avec chaque résultat

Votre développement - résultats

Vous n’avez pas pris ce quiz